banner koha

Purification and structural stability of a trypsin inhibitor from Amazon Inga cylindrica [Vell.]Mart. seeds (Registro n. 242100)

MARC details
000 -LÍDER
campo de controle de tamanho fixo 01068nas a2200337 4500
001 - NÚMERO DE CONTROLE
campo de controle BR2015000782
003 - IDENTIFICADOR DO NÚMERO DE CONTROLE
campo de controle BR-BrBNA
005 - DATA E HORÁRIO DA ÚLTIMA TRANSAÇÃO
campo de controle 20231205125015.0
007 - CAMPO FIXO DE DESCRIÇÃO FÍSICA--INFORMAÇÃO GERAL
campo de controle de tamanho fixo ta
008 - CAMPO DE DADOS FIXOS--INFORMAÇÃO GERAL
campo de controle de tamanho fixo 230509b bl.|||p| |||| 00| 00por d
040 ## - FONTE DA CATALOGAÇÃO
Instituição da catalogação original BR-BrBNA
Idioma da catalogação por
Instituição que transcreveu o registro Biblioteca Nacional de Agricultura
041 ## - CÓDIGO DE IDIOMA
Código do idioma do texto/trilha sonora ou título diferente (En)
072 ## - CÓDIGO DE CATEGORIA DE ASSUNTO
Código de Categoria de Assunto F60; F03
100 1# - ENTRADA PRINCIPAL--NOME PESSOAL
Nome pessoal Calderon, L.A.
100 1# - ENTRADA PRINCIPAL--NOME PESSOAL
Nome pessoal Almeida Filho, H.A.
100 1# - ENTRADA PRINCIPAL--NOME PESSOAL
Nome pessoal Teles, R.C. L.
100 1# - ENTRADA PRINCIPAL--NOME PESSOAL
Nome pessoal Medrano, F.J.
100 1# - ENTRADA PRINCIPAL--NOME PESSOAL
Nome pessoal Bloch Junior, C.
100 1# - ENTRADA PRINCIPAL--NOME PESSOAL
Nome pessoal Santoro, M.M.
100 1# - ENTRADA PRINCIPAL--NOME PESSOAL
Nome pessoal Freitas, S.M.
245 1# - TÍTULO
Título Purification and structural stability of a trypsin inhibitor from Amazon Inga cylindrica [Vell.]Mart. seeds
650 ## - ASSUNTO--TERMO TÓPICO
Cabeçalho tópico ou nome geográfico INGA
650 ## - ASSUNTO--TERMO TÓPICO
Cabeçalho tópico ou nome geográfico SEMENTE
650 ## - ASSUNTO--TERMO TÓPICO
Cabeçalho tópico ou nome geográfico INIBIDOR DE PROTEÍNA
650 ## - ASSUNTO--TERMO TÓPICO
Cabeçalho tópico ou nome geográfico ANALISE QUÍMICA
650 ## - ASSUNTO--TERMO TÓPICO
Cabeçalho tópico ou nome geográfico METABOLISMO PROTEICO
773 0# - ENTRADA ANALÍTICA
Título Brazilian Journal of Plant Physiology (Brazil)
ISSN - International Standard Serial Number ISSN 1677-0420
Partes relacionadas (2010), v. 22(2) p. 73-79
Número de controle do registro BR2015000782
856 40 - LOCALIZAÇÃO ELETRÔNICA E ACESSO
Uniform Resource Identifier <a href="http://www.scielo.br/pdf/bjpp/v22n2/v22n2a01.pdf">http://www.scielo.br/pdf/bjpp/v22n2/v22n2a01.pdf</a>
909 ## -
-- 202311
-- Lúcia
-- 55
-- Lúcia Elande
942 ## - ELEMENTOS DE ENTRADA ADICIONADOS (KOHA)
Fonte da classificação ou esquema de arquivamento na estante Classificação AGRIS
Ocultar no OPAC Não
Tipo de material Koha Analítica
Exemplares
Situação do descarte Fonte da classificação ou esquema de arquivamento na estante Situação física Não pode ser emprestado Biblioteca de origem Biblioteca atual Localização na estante Enumeração do periódico / cronologia Total de empréstimos Data de último acesso Número do exemplar Tipo de material Koha Fonte de aquisição
  Classificação AGRIS   Consulta local Biblioteca Nacional de Agricultura - Binagri Biblioteca Nacional de Agricultura - Binagri   (2010), v. 22(2) p. 73-79   29/11/2023 01 Periódicos Portaria Interministerial nº 164/94

BINAGRI

Telefone: (61)3218-2567/2388/3357/2097 - binagri@agro.gov.br

Ministério da Agricultura e Pecuária , Esplanada dos Ministérios, Bloco D, Anexo B, Brasília/DF, CEP: 70.043-900